Disegna il Contorno dell'Italia su una Mappa - Statistics

Statistiche generali
  • Questo quiz è stato fatto 135 volte
  • Il punteggio medio è 17 su 20
Risposte nella Mappa
Le risposte nella mappa del quiz sottostante sono codificate secondo una scala di colori dal rosso al verde in base alla % di persone che hanno risposto correttamente.
 
Statistiche sulle risposte
Regione % Corretto
Lombardia
99%
Piemonte
99%
Valle d'Aosta
99%
Veneto
97%
Trentino-Alto Adige
95%
Friuli-Venezia Giulia
94%
Emilia-Romagna
81%
Abruzzo
80%
Calabria
80%
Marche
80%
Puglia
80%
Basilicata
79%
Lazio
79%
Molise
79%
Campania
78%
Toscana
78%
Veneto
78%
Liguria
77%
Basilicata
75%
Piemonte
73%
Nessun quiz corrispondente trovato
Distribuzione punteggi
Percentuale di utenti per punteggio
Percentile per numero di risposta
I tuoi punteggi nel tempo
Non hai fatto questo quiz